000 01132cam a2200253 i 4500
001 3195834
005 20230322145617.0
008 790905s1978 dcua b f001 0 eng
010 _a 77090786
040 _aDLC
_cDLC
_dDLC
050 0 0 _aTA1570
_b.E56 1978
082 0 0 _a621.362
_bWOL
110 2 _aEnvironmental Research Institute of Michigan.
_bInfrared Information and Analysis (IRIA) Center.
_9111118
245 1 4 _aThe infrared handbook /
_ceditors, William L. Wolfe, George J. Zissis ; prepared by the Infrared Information and Analysis (IRIA) Center, Environmental Research Institute of Michigan, for the Office of Naval Research, Department of the Navy.
260 _aWashington :
_bThe Office,
_c1978.
300 _aca. 1600 p. in various pagings :
_bill. ;
_c24 cm.
504 _aIncludes bibliographies and index.
650 0 _aInfrared technology
_xHandbooks, manuals, etc.
_9111119
700 1 _aWolfe, William L.
_973666
700 1 _aZissis, George John,
_d1922-
_9111120
710 1 _aUnited States.
_bOffice of Naval Research.
_9103840
906 _a7
_bcbc
_corignew
_d3
_eopcn
_f19
_gy-gencatlg
942 _2ddc
_cBK
999 _c594099
_d594099